TEORIAS SOBRE LA ELECCION DE CARRERAS (Registro nro. 22685)
[ vista simple ]
| 000 -LEADER | |
|---|---|
| fixed length control field | 00480nam a2200181 a 4500 |
| 001 - CONTROL NUMBER | |
| control field | 22685 |
| 005 - DATE AND TIME OF LATEST TRANSACTION | |
| control field | 20180713220623.0 |
| 008 - FIXED-LENGTH DATA ELEMENTS--GENERAL INFORMATION | |
| fixed length control field | 140415s1976 000 0 spa d |
| 020 ## - INTERNATIONAL STANDARD BOOK NUMBER | |
| International Standard Book Number | 9682404681 |
| 041 ## - LANGUAGE CODE | |
| Language code of text/sound track or separate title | spa |
| 082 ## - DEWEY DECIMAL CLASSIFICATION NUMBER | |
| Classification number | 371.425 |
| Item number | OSI |
| 100 1# - MAIN ENTRY--PERSONAL NAME | |
| Personal name | OSIPOW, SAMUEL H. |
| 245 10 - TITLE STATEMENT | |
| Title | TEORIAS SOBRE LA ELECCION DE CARRERAS |
| 260 ## - PUBLICATION, DISTRIBUTION, ETC. | |
| Place of publication, distribution, etc. | [s.l.] : |
| Name of publisher, distributor, etc. | TRILLAS, |
| Date of publication, distribution, etc. | 1976 |
| 300 ## - PHYSICAL DESCRIPTION | |
| Extent | 289 |
| 650 14 - SUBJECT ADDED ENTRY--TOPICAL TERM | |
| Topical term or geographic name entry element | ORIENTACION PROFESIONAL |
| 700 1# - ADDED ENTRY--PERSONAL NAME | |
| Personal name | ALVAREZ, BENJAMIN |
| Relator term | tr. |
| Withdrawn status | Lost status | Source of classification or shelving scheme | Damaged status | Not for loan | Collection code | Home library | Current library | Shelving location | Date acquired | Source of acquisition | Inventory number | Total Checkouts | Full call number | Barcode | Date last seen | Price effective from | Koha item type |
|---|---|---|---|---|---|---|---|---|---|---|---|---|---|---|---|---|---|
| Dewey Decimal Classification | General | Biblioteca Karol Wojtyla | Biblioteca Karol Wojtyla | Sala general | 03/12/2013 | Compra | 151000000000000000041406 | 371.425 OSI | 43334 | 05/01/2026 | 03/12/2013 | Libro |